Charla Inauguración Año Académico 2002
Uloženo v:
| Hlavní autor: | |
|---|---|
| Médium: | Kniha |
| Jazyk: | španělština |
| Vydáno: |
San Felipe
Obispado de San Felipe
2002
|
| Témata: | |
| Tagy: |
Přidat tag
Žádné tagy, Buďte první, kdo vytvoří štítek k tomuto záznamu!
|
MARC
| LEADER | 00000nam a2200000 a 4500 | ||
|---|---|---|---|
| 001 | UCK5510 | ||
| 003 | CL-VaPUC | ||
| 008 | 050805e20020700CL |||||||||||||||||spa|d | ||
| 082 | 0 | 4 | |a 230.01 |b SAM |2 21 |
| 100 | 0 | |a Sampedro N., Francisco |e author |9 494301 | |
| 245 | 1 | 0 | |a Charla Inauguración Año Académico 2002 |
| 300 | |a 43 p | ||
| 942 | |c BK | ||
| 945 | |d 20050805 00:00:00 |a cmena | ||
| 260 | |a San Felipe |b Obispado de San Felipe |c 2002 | ||
| 650 | 0 | |a Cristianismo |9 257361 | |
| 650 | 0 | |a Sectas |9 320072 | |
| 650 | 0 | |a Iglesias |9 352850 | |
| 583 | |a last modification |c 20050805 00:00:00 |k Rodrigo Vera | ||
| 999 | |c 314016 |d 314014 | ||
| 952 | |0 0 |1 0 |4 0 |6 230_010000000000000_SAM_2002 |7 0 |8 A |9 385887 |a BIBTEO |b BIBTEO |d 2019-11-22 |i 4071808 |o 230.01 SAM 2002 |p 4071808 |r 2025-01-17 |w 2019-11-22 |y BK |k ICR | ||